University Home | Library Home | Institutional Repository

Garenganze; or, seven years' pioneer mission work in Central Africa / (Record no. 216611)

MARC details
000 -LEADER
fixed length control field 00617nam a22001937a 4500
005 - DATE AND TIME OF LATEST TRANSACTION
control field 20260415131439.0
008 - FIXED-LENGTH DATA ELEMENTS--GENERAL INFORMATION
fixed length control field 260415b |||||||| |||| 00| 0 eng d
040 ## - CATALOGING SOURCE
Original cataloging agency LC
Transcribing agency UNZA
Modifying agency UNZA
Description conventions RDA
050 ## - LIBRARY OF CONGRESS CALL NUMBER
Classification number ZAMB BV 3625
Item number ARN 1889
100 ## - MAIN ENTRY--PERSONAL NAME
Personal name Arnot, S. Fred
245 ## - TITLE STATEMENT
Title Garenganze; or, seven years' pioneer mission work in Central Africa /
Statement of responsibility, etc. Fred S. Arnot
250 ## - EDITION STATEMENT
Edition statement Third edition
260 ## - PUBLICATION, DISTRIBUTION, ETC.
Place of publication, distribution, etc. London:
Name of publisher, distributor, etc. James E. Hawkins,
Date of publication, distribution, etc. 1889.
300 ## - PHYSICAL DESCRIPTION
Extent 276 pages:
Other physical details illustrations.
504 ## - BIBLIOGRAPHY, ETC. NOTE
Bibliography, etc. note Includes an index.
650 ## - SUBJECT ADDED ENTRY--TOPICAL TERM
Topical term or geographic name entry element Katanga (Congo)
650 ## - SUBJECT ADDED ENTRY--TOPICAL TERM
Topical term or geographic name entry element Missions
Geographic subdivision Congo (Democratic Republic)
942 ## - ADDED ENTRY ELEMENTS (KOHA)
Koha item type Zambian collection
999 ## -
-- 216611
-- 216611
Holdings
Withdrawn status Lost status Source of classification or shelving scheme Damaged status Not for loan Home library Current library Shelving location Date acquired Total Checkouts Full call number Barcode Date last seen Copy number Price effective from Koha item type
    Library of Congress Classification     Main Library Main Library Special collections 04/15/2026   ZAMB BV 3625 ARN 1889 33729001861298 04/15/2026 C.1 04/15/2026 Zambian collection
    Library of Congress Classification     Main Library Main Library Special collections 04/15/2026   ZAMB BV 3625 ARN 1889 33729005107821 04/15/2026 C.2 04/15/2026 Zambian collection
    Library of Congress Classification     Main Library Main Library Special collections 04/15/2026   ZAMB BV 3625 ARN 1889 33729005107888 04/15/2026 C.3 04/15/2026 Zambian collection
    Library of Congress Classification     Main Library Main Library Special collections 04/15/2026   ZAMB BV 3625 ARN 1889 33729005388769 04/15/2026 C.4 04/15/2026 Zambian collection
    Library of Congress Classification     Main Library Main Library Special collections 04/15/2026   ZAMB BV 3625 ARN 1889 33729001861470 04/15/2026 C.5 04/15/2026 Zambian collection
© 2026 - The University of Zambia Library - Koha v25.11